| 000 | 01057cam a2200325 i 4500 | ||
|---|---|---|---|
| 001 | 200461518 | ||
| 003 | TR-AnTOB | ||
| 005 | 20241129155058.0 | ||
| 007 | ta | ||
| 008 | 180808n tu ar15201 $$$$ 05tu 2tur u | ||
| 020 | _a9786058488168 | ||
| 040 |
_beng _erda _ceng _dTR-AnTOB _aTR-AnTOB |
||
| 041 | 0 | _atur | |
| 044 | _ctu | ||
| 050 | 1 |
_aHF5661 _b.A873 |
|
| 090 |
_aHF5661 _b.A873 |
||
| 100 | 1 |
_aAtsan, Emre _eauthor _9146118 |
|
| 245 | 1 | 0 |
_aMaliye ders notları / _c[yazarlar: Emre Atsan, Ali Gökhan Gölçek, Bilal Göde]. |
| 246 | 1 | 4 | _aMaliye ders notları : KPSS ve tüm kurum sınavları için. |
| 264 | 1 |
_aAnkara : _b657 Yayınevi, _c[date of publication not identified] |
|
| 300 |
_a185 pages : _btables ; _c24 cm |
||
| 336 |
_atext _btxt _2rdacontent |
||
| 337 |
_aunmediated _bn _2rdamedia |
||
| 338 |
_avolume _bnc _2rdacarrier |
||
| 650 | 0 |
_aDevlet memurları _xSeçim ve atama _zTürkiye _943544 |
|
| 700 | 1 |
_aGölçek, Ali Gökhan _eauthor _9146121 |
|
| 700 | 1 |
_aGöde, Bilal _eauthor _9146122 |
|
| 942 |
_2lcc _cBK |
||
| 999 |
_c200461518 _d79730 |
||